000 00607nam a2200181 4500
001 4881
005 20181127174329.0
090 0 0 _aPOL.SCI CAP No.38
245 0 0 _aWorking mothers /
_b
_cStudent Work.
_h
260 0 0 _a[Thimphu] :
_b[Royal Thimphu College],
_c2015.
300 _a38 leaves.
_b
_c
_e
500 _aRecommended.
500 _aStudent research project for BA, Political Science(Capstone Project):(2015): DOlma Roder, lecturer.
500 0 0 _aSpiral-bound xerographic copy.
650 _aCapstone Project.
_v
_x
_y
_z
_2
650 _aMothers --Employment
_v
_x
_y
_zBhutan.
_2
650 _aMothers.
_v
_x
_y
_z
_2
999 _c4059
_d4059